| 000 | 00502nam a22001817a 4500 | ||
|---|---|---|---|
| 999 |
_c187612 _d187612 |
||
| 005 | 20220425173713.0 | ||
| 010 | _aENG-132394 | ||
| 020 |
_a9788192556314 _c175.00 |
||
| 035 | _aEN-115926 | ||
| 037 | _bDBAD/PUB | ||
| 082 | _a335.412 | ||
| 100 | _aMarx, Karl | ||
| 245 |
_aPre-Capitalist Economic Formatioins/ _cKarl Marx |
||
| 260 |
_aKolkata _bAlphanumera _c2013 |
||
| 270 |
_bKolkata _a81, Simla Street _e700006 |
||
| 300 |
_a151p. _c22cm(pbk) |
||
| 942 |
_2ddc _cEN _h335.412 _mMAR |
||